[Event "10th Dolomiti Open 2019"]
[Site "Forni di Sopra"]
[Date "2019.06.19"]
[Round "6.10"]
[White "Di Benedetto, Edoardo"]
[Black "Ranaldi, Lucas"]
[Result "1/2-1/2"]
[WhiteElo "2409"]
[BlackElo "2237"]
[Annotator "NA"]
[PlyCount "88"]
[EventDate "2019.06.15"]
[EventType "swiss"]
[EventCountry "ITA"]
[SourceTitle "playchess.com"]
[Source "ChessBase"]
[SourceQuality "1"]
[TimeControl "40/5400+30:1800+30"]

1. d4 {[%emt 0:00:00]} Nf6 {[%emt 0:03:21]} 2. c4 {[%emt 0:00:00]} e6 {[%emt 0:00:37]} 3. Nc3 {[%emt 0:00:00]} Bb4 {[%emt 0:00:20]} 4. e3 {[%emt 0:00:06]} b6 {[%emt 0:00:06]} 5. Nge2 {[%emt 0:00:17]} Ne4 {[%emt 0:00:06]} 6. Qc2 {[%emt 0:23:06]} Bb7 {[%emt 0:00:15]} 7. a3 {[%emt 0:01:47]} Bxc3+ {[%emt 0:00:14]} 8. Nxc3 {[%emt 0:00:34]} Nxc3 {[%emt 0:00:13]} 9. Qxc3 {[%emt 0:00:06]} d6 {[%emt 0:00:15]} 10. f3 {[%emt 0:12:52]} Qh4+ {[%emt 0:07:33]} 11. g3 {[%emt 0:00:07]} Qh5 {[%emt 0:00:56]} 12. e4 {[%emt 0:00:15]} f5 {[%emt 0:04:56]} 13. Bg2 {[%emt 0:00:36]} fxe4 {[%emt 0:00:59]} 14. fxe4 {[%emt 0:00:12]} O-O {[%emt 0:02:43]} 15. Bf4 {[%emt 0:03:42]} Nd7 {[%emt 0:37:54]} 16. O-O {[%emt 0:00:35]} Rae8 {[%emt 0:07:04]} 17. Bd2 {[%emt 0:13:33]} e5 {[%emt 0:07:35]} 18. d5 {[%emt 0:00:13]} Bc8 {[%emt 0:03:45]} 19. h3 {[%emt 0:03:54]} Rxf1+ {[%emt 0:06:31]} 20. Rxf1 {[%emt 0:00:11]} Rf8 {[%emt 0:00:08]} 21. Rxf8+ {[%emt 0:01:52]} Nxf8 {[%emt 0:00:02]} 22. g4 {[%emt 0:00:30]} Qe8 {[%emt 0:01:25]} 23. b4 {[%emt 0:02:44]} Qd8 {[%emt 0:06:44]} 24. c5 {[%emt 0:01:46]} Bd7 {[%emt 0:00:14]} 25. Qc1 {[%emt 0:03:47]} Ng6 {[%emt 0:03:27]} 26. Bg5 {[%emt 0:02:37]} Qb8 {[%emt 0:00:47]} 27. c6 {[%emt 0:07:28]} Be8 {[%emt 0:00:02]} 28. Qf1 {[%emt 0:01:13]} h6 {[%emt 0:00:18]} 29. Be3 {[%emt 0:00:06]} Nh4 {[%emt 0:02:26]} 30. Bh1 {[%emt 0:01:16]} Qc8 {[%emt 0:01:39]} 31. g5 {[%emt 0:01:44]} h5 {[%emt 0:01:11]} 32. Kh2 {[%emt 0:01:10]} Ng6 {[%emt 0:00:28]} 33. Bf3 {[%emt 0:03:16]} Nf4 {[%emt 0:00:05]} 34. Bxf4 {[%emt 0:01:24]} exf4 {[%emt 0:00:01]} 35. Be2 {[%emt 0:00:15]} Bg6 {[%emt 0:00:15]} 36. Qxf4 {[%emt 0:00:13]} Qe8 {[%emt 0:00:17]} 37. Bf3 {[%emt 0:15:03]} a5 {[%emt 0:01:34]} 38. b5 {[%emt 0:00:00]} Qf7 {[%emt 0:01:24]} 39. Kg3 {[%emt 0:00:00]} Qxf4+ {[%emt 0:00:14]} 40. Kxf4 {[%emt 0:00:00]} Kf7 {[%emt 0:00:59]} 41. e5 {[%emt 0:19:47]} Ke7 {[%emt 0:01:06]} 42. Be4 {[%emt 0:00:00]} Bxe4 {[%emt 0:00:32]} 43. Kxe4 {[%emt 0:00:00]} g6 {[%emt 0:00:10]} 44. exd6+ {[%emt 0:00:00]} cxd6 {[%emt 0:00:13]} 1/2-1/2

[Event "10th Dolomiti Open 2019"]
[Site "Forni di Sopra"]
[Date "2019.06.20"]
[Round "7.1"]
[White "Martinez Alcantara, Jose Eduardo"]
[Black "Basso, Pier Luigi"]
[Result "1/2-1/2"]
[WhiteElo "2583"]
[BlackElo "2539"]
[Annotator "ChessBase"]
[PlyCount "44"]
[EventDate "2019.06.15"]
[EventType "swiss"]
[EventCountry "ITA"]
[SourceTitle "playchess.com"]
[Source "ChessBase"]
[SourceQuality "1"]
[TimeControl "40/5400+30:1800+30"]

1. e4 {[%emt 0:00:00]} e5 {[%emt 0:07:36]} 2. Nf3 {[%emt 0:00:00]} Nc6 {[%emt 0:00:36]} 3. Bb5 {[%emt 0:00:00]} Nf6 {[%emt 0:00:11]} 4. O-O {[%emt 0:02:06]} Nxe4 {[%emt 0:00:35]} 5. d4 {[%emt 0:00:07]} Nd6 {[%emt 0:00:04]} 6. Bxc6 {[%emt 0:01:29]} dxc6 {[%emt 0:00:07]} 7. dxe5 {[%emt 0:00:04]} Nf5 {[%emt 0:00:06]} 8. Qxd8+ {[%emt 0:00:08]} Kxd8 {[%emt 0:00:03]} 9. h3 {[%emt 0:04:07]} Ke8 {[%emt 0:00:14]} 10. Nc3 {[%emt 0:02:40]} h5 {[%emt 0:00:28]} 11. Bg5 {[%emt 0:01:07]} b6 {[%emt 0:12:20]} 12. Ne2 {[%emt 0:06:45]} Bb7 {[%emt 0:00:14]} 13. Rad1 {[%emt 0:02:59]} c5 {[%emt 0:00:31]} 14. Nc3 {[%emt 0:08:24]} Bxf3 {[%emt 0:01:04]} 15. gxf3 {[%emt 0:00:02]} c6 {[%emt 0:00:10]} 16. Ne4 {[%emt 0:03:28]} Be7 {[%emt 0:01:15]} 17. Bxe7 {[%emt 0:06:17]} Kxe7 {[%emt 0:00:07]} 18. Nd6 {[%emt 0:00:09]} Ke6 {[%emt 0:01:47]} 19. Nxf5 {[%emt 0:01:58]} Kxf5 {[%emt 0:00:09]} 20. Rd7 {[%emt 0:00:11]} Rhf8 {[%emt 0:01:40]} 21. Re1 {[%emt 0:00:59]} Rad8 {[%emt 0:04:12]} 22. Rxa7 {[%emt 0:03:02]} Rd2 {[%emt 0:01:15]} 1/2-1/2

[Event "10th Dolomiti Open 2019"]
[Site "Forni di Sopra"]
[Date "2019.06.20"]
[Round "7.2"]
[White "Dreev, Aleksey"]
[Black "Cruz, Cristhian"]
[Result "1-0"]
[WhiteElo "2657"]
[BlackElo "2561"]
[Annotator "TA"]
[PlyCount "69"]
[EventDate "2019.06.15"]
[EventType "swiss"]
[EventCountry "ITA"]
[SourceTitle "playchess.com"]
[Source "ChessBase"]
[SourceQuality "1"]

{[%evp 14,69,15,0,4,0,13,2,14,5,4,4,16,19,27,13,25,22,25,27,33,45,41,50,65,27,32,31,31,32,33,-20,79,87,65,37,72,20,26,20,39,10,10,0,32,31,40,45,97,102,287,268,424,431,409,421,391,384]} 1. d4 ({Predecessor:} 1. c4 Nf6 2. Nc3 e6 {½-½ (42) Khismatullin,D (2556)-Jenni,F (2517) Istanbul 2004}) 1... e6 2. c4 Nf6 3. Nc3 Bb4 4. Qc2 O-O 5. a3 Bxc3+ 6. Qxc3 b6 7. Bg5 Bb7 8. e3 d6 {E32: Nimzo-Indian: Classical (4 Qc2): 4...0-0} 9. Ne2 $146 (9. f3 Nbd7 10. Nh3 c5 11. dxc5 bxc5 12. Be2 Qb6 13. O-O a5 14. Nf2 a4 15. Rad1 h6 16. Bh4 d5 17. Ng4 Nxg4 18. fxg4 Qc6 19. Rf2 Nb6 {0-1 (61) Sjugirov,S (2663)-Martirosyan,H (2607) chess.com INT 2019}) 9... Nbd7 {[%cal Bb8d7,Bd7f8,Bf8g6][%mdl 32]} 10. Qd3 Re8 {The position is equal.} 11. Nc3 h6 12. Bh4 $1 Nf8 13. f3 Ng6 14. Bf2 e5 15. e4 exd4 16. Qxd4 c5 17. Qd2 d5 18. cxd5 Nxd5 19. Nxd5 (19. Bb5 {feels hotter.} Ndf4 20. O-O-O Rf8 21. g3 Qxd2+ 22. Rxd2 Nh3 23. Be3) 19... Qxd5 20. Qxd5 Bxd5 21. Bb5 {And now 0-0-0 would win.} Re6 22. b4 (22. O-O $14 Bb3 23. Rfc1) 22... cxb4 (22... Bb3 $1 $11 {remains equal.}) 23. axb4 $16 Bc6 24. Bc4 Rd6 25. Bg3 ({White should try} 25. O-O $16) 25... Rd4 $11 26. Rc1 $36 {[%mdl 2048] White is pushing.} Be8 27. Bd5 Rd8 28. Rc7 Rxb4 {[#] Threatens to win with ...Rb1+.} 29. O-O a5 30. Rfc1 {[%mdl 1024] aiming for Rc8. White has compensation.} Bd7 (30... Kf8 $1 $14) 31. Ra7 $16 Nf8 $2 (31... Rb5 $16 {was necessary.}) 32. Bd6 $18 Rb2 (32... Be6 $142) 33. Be7 Rc8 34. Rxc8 {White threatens Rxd7 and mate.} Bxc8 {[#]} 35. Ba3 {Played: Bd5xf7} 1-0

[Event "10th Dolomiti Open 2019"]
[Site "Forni di Sopra"]
[Date "2019.06.20"]
[Round "7.3"]
[White "Santos Ruiz, Miguel"]
[Black "Ivanchuk, Vassily"]
[Result "1/2-1/2"]
[WhiteElo "2557"]
[BlackElo "2691"]
[Annotator "TA"]
[PlyCount "46"]
[EventDate "2019.06.15"]
[EventType "swiss"]
[EventCountry "ITA"]
[SourceTitle "playchess.com"]
[Source "ChessBase"]
[SourceQuality "1"]

{[%evp 9,46,15,21,20,16,2,23,4,4,-40,25,15,15,21,29,22,25,18,20,13,15,0,119,121,178,187,185,181,186,179,170,137,231,166,234,115,145,114,112]} 1. e4 c6 2. Nf3 d5 3. d3 Bg4 (3... dxe4 4. dxe4 Qxd1+ 5. Kxd1 Nf6 6. Nbd2 g6 7. c3 Bg7 8. Ne1 Ng4 9. Nd3 Nd7 10. Nc4 O-O 11. f3 Nge5 12. Ndxe5 Nxe5 {½-½ (82) Van Foreest,J (2612)-Martirosyan,H (2607) chess.com INT 2019}) 4. h3 Bh5 5. Qe2 $146 ({Predecessor:} 5. Nc3 e6 6. a3 Nf6 7. Qe2 dxe4 8. dxe4 Qb6 9. g4 Bg6 10. Ne5 Nfd7 11. Nc4 Qc7 12. Bg2 Nb6 13. Be3 {½-½ (20) Heindrich,M (2116)-Krychevskiy,D (1986) Heusenstamm 2018}) 5... e6 6. g4 {B10: Caro-Kann: 2 d3 and 2 c4} Bg6 7. h4 {[#] Hoping for h5.} h6 8. Nbd2 {White has an edge.} Nd7 9. Bg2 Be7 (9... h5 $15) 10. h5 $11 Bh7 11. Nb3 $36 {[%mdl 2048] White has some pressure.} dxe4 12. dxe4 Ngf6 13. g5 hxg5 ({But not} 13... Nxe4 $2 {[#]} 14. g6 $1 $18 {[%mdl 512]}) 14. Nxg5 Bg8 15. Bf4 Nh7 (15... e5 $11 16. Be3 a5) 16. Nxh7 $16 Rxh7 (16... Bxh7 $16 17. h6 Rg8) 17. O-O-O $18 Bg5 18. Qe3 Bxf4 19. Qxf4 Qe7 20. e5 Nb6 (20... f6 $16) 21. Na5 Kf8 (21... Nd5 {was called for.} 22. Qh4 Qxh4 23. Rxh4 Rb8) 22. Rh3 (22. h6 $18 {has better winning chances.}) 22... Rh6 $16 23. Qd2 Bh7 {Accuracy: White = 39%, Black = 46%.} 1/2-1/2

[Event "10th Dolomiti Open 2019"]
[Site "Forni di Sopra"]
[Date "2019.06.20"]
[Round "7.4"]
[White "Mareco, Sandro"]
[Black "Anand Nadar"]
[Result "1-0"]
[WhiteElo "2643"]
[BlackElo "2366"]
[Annotator "TA"]
[PlyCount "49"]
[EventDate "2019.06.15"]
[EventType "swiss"]
[EventCountry "ITA"]
[SourceTitle "playchess.com"]
[Source "ChessBase"]
[SourceQuality "1"]

{[%evp 9,49,43,35,31,82,57,68,62,81,75,79,24,22,28,22,14,18,20,20,0,11,7,10,0,10,0,0,13,10,0,0,3,127,128,128,136,129,103,338,313,356,344]} 1. e4 d6 2. d4 Nf6 3. Nc3 g6 4. Bg5 Nbd7 5. f4 c6 6. Nf3 {B07: Pirc Defence: Miscellaneous Systems} Qa5 ({Better is} 6... Qb6 $14) 7. Qd2 $16 Bg7 8. e5 {White is slightly better.} dxe5 9. fxe5 Nd5 10. Ne4 (10. Bd3 $16) 10... Qxd2+ $11 11. Bxd2 f6 $146 ({Predecessor:} 11... O-O 12. c4 Nc7 13. O-O-O f6 14. exf6 exf6 {1-0 (40) Georgiev,K (2605)-Slobodjan,R (2500) Altensteig 1995}) 12. c4 Nc7 $1 {[%cal Rf6e5]} 13. exf6 Nxf6 {[%cal Bd7f6,Bf6e4,Be4d6][%mdl 32]} 14. Nc5 b6 15. Nd3 Ne4 16. Be3 O-O 17. O-O-O Bg4 18. Be2 Ne6 19. Rhe1 {White wants to play h3.} Nd6 $1 {[%cal Rd6c4]} 20. Nde5 Bxe5 (20... Bxf3 $1 $11 21. Bxf3 Bxe5) 21. Nxe5 $16 Bxe2 22. Rxe2 Rac8 23. Bh6 Rfd8 $2 {[#]} (23... Ng7 $16) 24. Ng4 $1 $18 Kf7 {...Nf5 would now be nice for Black.} 25. Rde1 {Accuracy: White = 40%, Black = 46%.} 1-0

[Event "10th Dolomiti Open 2019"]
[Site "Forni di Sopra"]
[Date "2019.06.20"]
[Round "7.5"]
[White "Sarkar, Justin"]
[Black "Haug, Johannes"]
[Result "1-0"]
[WhiteElo "2359"]
[BlackElo "2438"]
[Annotator "NA"]
[PlyCount "87"]
[EventDate "2019.06.15"]
[EventType "swiss"]
[EventCountry "ITA"]
[SourceTitle "playchess.com"]
[Source "ChessBase"]
[SourceQuality "1"]
[TimeControl "40/5400+30:1800+30"]

1. c4 {[%emt 0:00:00]} Nf6 {[%emt 0:06:00]} 2. Nc3 {[%emt 0:00:00]} e6 {[%emt 0:00:21]} 3. e4 {[%emt 0:05:07]} d5 {[%emt 0:00:09]} 4. e5 {[%emt 0:00:09]} d4 {[%emt 0:00:18]} 5. exf6 {[%emt 0:00:08]} dxc3 {[%emt 0:00:06]} 6. bxc3 {[%emt 0:00:51]} Qxf6 {[%emt 0:00:06]} 7. Nf3 {[%emt 0:00:12]} e5 {[%emt 0:02:54]} 8. Bd3 {[%emt 0:01:20]} Nc6 {[%emt 0:05:39]} 9. O-O {[%emt 0:05:00]} Bd6 {[%emt 0:07:04]} 10. Rb1 {[%emt 0:11:18]} O-O {[%emt 0:02:27]} 11. Qc2 {[%emt 0:00:37]} g6 {[%emt 0:07:56]} 12. Be4 {[%emt 0:00:32]} Bf5 {[%emt 0:05:56]} 13. Bxf5 {[%emt 0:07:55]} gxf5 {[%emt 0:01:15]} 14. d4 {[%emt 0:02:00]} e4 {[%emt 0:07:11]} 15. Ng5 {[%emt 0:01:11]} h6 {[%emt 0:10:38]} 16. Nh3 {[%emt 0:00:30]} b6 {[%emt 0:00:25]} 17. f3 {[%emt 0:00:38]} exf3 {[%emt 0:04:35]} 18. Rxf3 {[%emt 0:00:25]} Ne7 {[%emt 0:00:03]} 19. Nf4 {[%emt 0:08:45]} c5 {[%emt 0:07:08]} 20. d5 {[%emt 0:06:34]} Ng6 {[%emt 0:02:11]} 21. Bd2 {[%emt 0:06:52]} Bxf4 {[%emt 0:13:49]} 22. Bxf4 {[%emt 0:00:12]} Kg7 {[%emt 0:00:02]} 23. Bc7 {[%emt 0:07:01]} Qe7 {[%emt 0:05:45]} 24. d6 {[%emt 0:01:24]} Qe4 {[%emt 0:03:15]} 25. Qxe4 {[%emt 0:00:53]} fxe4 {[%emt 0:00:01]} 26. Rf5 {[%emt 0:00:35]} f6 {[%emt 0:03:12]} 27. d7 {[%emt 0:09:00]} Ne5 {[%emt 0:01:35]} 28. Rxe5 {[%emt 0:07:23]} fxe5 {[%emt 0:00:14]} 29. Rf1 {[%emt 0:00:06]} Rfd8 {[%emt 0:02:18]} 30. Bxd8 {[%emt 0:00:17]} Rxd8 {[%emt 0:00:04]} 31. Rd1 {[%emt 0:00:05]} Kf6 {[%emt 0:00:31]} 32. Kf2 {[%emt 0:00:27]} Ke6 {[%emt 0:00:13]} 33. Ke3 {[%emt 0:00:16]} Rxd7 {[%emt 0:00:08]} 34. Rxd7 {[%emt 0:00:03]} Kxd7 {[%emt 0:00:04]} 35. Kxe4 {[%emt 0:00:08]} Ke6 {[%emt 0:00:35]} 36. g4 {[%emt 0:00:24]} a6 {[%emt 0:00:16]} 37. a4 {[%emt 0:02:47]} Kf6 {[%emt 0:00:48]} 38. h4 {[%emt 0:00:10]} Ke6 {[%emt 0:00:04]} 39. g5 {[%emt 0:00:30]} h5 {[%emt 0:01:02]} 40. g6 {[%emt 0:00:19]} Kf6 {[%emt 0:00:05]} 41. g7 {[%emt 0:30:54]} Kxg7 {[%emt 0:30:05]} 42. Kxe5 {[%emt 0:00:04]} Kg6 {[%emt 0:00:07]} 43. Ke6 {[%emt 0:00:06]} a5 {[%emt 0:00:06]} 44. Ke5 {[%emt 0:00:11]} 1-0

[Event "10th Dolomiti Open 2019"]
[Site "Forni di Sopra"]
[Date "2019.06.20"]
[Round "7.6"]
[White "Favaloro, Andrea"]
[Black "Deac, Bogdan-Daniel"]
[Result "1/2-1/2"]
[WhiteElo "2337"]
[BlackElo "2623"]
[Annotator "TA"]
[PlyCount "42"]
[EventDate "2019.06.15"]
[EventType "swiss"]
[EventCountry "ITA"]
[SourceTitle "playchess.com"]
[Source "ChessBase"]
[SourceQuality "1"]

{[%evp 9,42,0,22,21,28,10,10,10,14,0,22,0,13,0,0,9,43,43,62,62,59,62,59,59,49,53,46,57,107,46,89,84,125,119,126]} 1. d4 Nf6 2. c4 e6 3. Nf3 d5 4. g3 Bb4+ 5. Bd2 Bd6 (5... Be7 6. Bg2 O-O 7. O-O Nbd7 8. Qc2 c6 9. Bf4 b6 10. cxd5 cxd5 11. Rc1 Ba6 12. Nc3 Nh5 13. Bd2 Nhf6 14. Bf4 Nh5 15. Be5 Nhf6 16. e3 h6 17. Qd1 Nxe5 18. Nxe5 Bd6 {1-0 (54) Ding,L (2805)-Topalov,V (2740) Abidjan 2019}) 6. Bg2 {E01: Catalan: Early deviations} Nbd7 7. Qb3 c6 8. Nc3 {The position is equal.} O-O 9. O-O h6 10. Rad1 Rb8 11. Qc2 $146 ({Predecessor:} 11. a3 Re8 12. Rfe1 Ne4 13. Nxe4 dxe4 {½-½ (32) Meier,G (2651)-Ju,W (2574) Saint Louis 2017}) 11... dxc4 12. e4 {[#] Threatens to win with e5.} Be7 13. Bf4 Ra8 14. d5 $36 {[%mdl 2048] White has some pressure.} cxd5 15. exd5 exd5 16. Nxd5 Nxd5 17. Rxd5 Qb6 $1 18. Nd2 Qa6 {[#]} 19. Qxc4 ({White should play} 19. Re1 $1 $16 {[%cal Re1e7]} Bf6 20. Bd6 (20. Nxc4 Nb6 $16) (20. Qxc4 Qxc4 21. Nxc4 Nb6 $11)) 19... Qe6 20. Qc1 {Hoping for Re1.} Nf6 21. Re5 Qd7 {Accuracy: White = 54%, Black = 49%.} 1/2-1/2

[Event "10th Dolomiti Open 2019"]
[Site "Forni di Sopra"]
[Date "2019.06.20"]
[Round "7.7"]
[White "Sonis, Francesco"]
[Black "Guerrero Sierra, Juan Carlos"]
[Result "1/2-1/2"]
[WhiteElo "2494"]
[BlackElo "2290"]
[Annotator "TA"]
[PlyCount "116"]
[EventDate "2019.06.15"]
[EventType "swiss"]
[EventCountry "ITA"]
[SourceTitle "playchess.com"]
[Source "ChessBase"]
[SourceQuality "1"]

{[%evp 18,116,28,17,34,21,53,39,43,24,71,0,0,3,9,10,33,23,128,48,60,36,112,60,151,145,135,129,152,143,176,116,100,108,129,118,115,82,135,140,127,130,118,78,120,134,82,72,55,49,62,60,54,64,70,62,72,68,60,52,58,56,44,26,18,5,5,0,0,0,0,-35,-13,-68,-73,-154,-152,-166,-147,-151,-130,-128,-105,-111,-105,-107,-78,-118,-73,-92,-74,-66,-40,-53,0,0,0,0,0,0,85]} 1. c4 Nf6 2. d4 g6 3. g3 Bg7 4. Bg2 d5 5. cxd5 Nxd5 6. e4 Nb6 7. Ne2 c5 8. d5 e6 9. O-O exd5 10. exd5 O-O {D72: Fianchetto Grünfeld: 5 cxd5 Nxd5 6 e4 Nb6 (without Nf3)} 11. Nec3 Na6 12. Nd2 $1 Bf5 {White is slightly better.} 13. Nde4 {[#]} Bxe4 $146 ({Predecessor:} 13... Qd7 14. Qb3 Bh3 15. Bxh3 Qxh3 16. Be3 c4 17. Qb5 Nc7 18. Qa5 {1-0 (42) Bareev,E (2709)-Van Wely,L (2679) Monte Carlo 2005}) 14. Bxe4 (14. Nxe4 $16 Re8 15. d6) 14... Re8 $11 {aiming for ...Bxc3.} 15. Bg2 Qd7 16. Bf4 Nb4 17. d6 Be5 (17... Rad8 $11) 18. Ne4 (18. Bxe5 $16 Rxe5 19. f4) 18... Qf5 $14 19. Be3 {And now Qb3 would win.} Bxb2 (19... c4 $1 $14) 20. Rb1 (20. g4 $16 Qe5 21. Rb1) 20... Bg7 ({Black should try} 20... Rxe4 $14 21. Bxe4 (21. Rxb2 Re6 $11) 21... Qxe4 22. Rxb2 Nd3) 21. g4 $36 {[%mdl 2048] Keeping Black busy.} ({Weaker is} 21. Nxc5 Rxe3 22. Rxb4 Qxc5 $11) 21... Qe5 {[#]} 22. f4 $1 {[%cal Rf4e5]} ({Don't take} 22. Bxc5 N4d5 $16) 22... Qe6 23. Bxc5 Nxa2 {[#]} 24. Qb3 (24. Qd3 $1 $18) 24... Qxb3 25. Rxb3 Nd7 26. Bf2 b6 27. Ng5 Nc3 (27... Rad8 $142) 28. Bxa8 Rxa8 29. Re1 Nd5 30. Rb5 Nxf4 31. Re7 {[%mdl 64] Double Attack} Nf6 32. d7 Rd8 33. Bg3 Bf8 34. Rxf7 Nh3+ $1 35. Kg2 Nxg5 36. Rxf6 {Hoping for Bh4.} Ne4 37. Re6 Nc5 $1 {[%cal Rc5e6]} 38. Re8 Rxd7 39. Rb2 Kf7 40. Ra8 {[%mdl 1024] White has compensation.} Nd3 41. Rb1 {Rf1+ is the strong threat.} Bc5 42. Rf1+ Ke6 43. Rf3 Nb4 44. Re8+ Kd5 45. Be1 (45. Rc8 $11) 45... Kc6 46. Rb8 (46. Bf2 $142) 46... Nd3 $17 47. Bg3 a5 48. Ra8 Kb5 49. Rf1 Kc4 50. Rb1 Bb4 51. Rc8+ Nc5 52. Bf2 Ra7 53. Rc6 Rb7 54. Rc8 a4 55. Ra8 $1 a3 ({Better is} 55... Kb5 $1 $15) 56. Be1 $1 $11 {[#]The position is equal.} Ba5 $1 {[%mdl 512]} 57. Rc1+ (57. Bxa5 bxa5) 57... Kb5 {Strongly threatening ...Nb3.} 58. Rb1+ $1 Kc6 {Accuracy: White = 68%, Black = 60%.} (58... Kc4 $1 $11 {keeps the balance.}) 1/2-1/2

[Event "10th Dolomiti Open 2019"]
[Site "Forni di Sopra"]
[Date "2019.06.20"]
[Round "7.8"]
[White "Castellanos Rodriguez, Renier"]
[Black "Di Benedetto, Edoardo"]
[Result "1/2-1/2"]
[WhiteElo "2511"]
[BlackElo "2409"]
[Annotator "ChessBase"]
[PlyCount "96"]
[EventDate "2019.06.15"]
[EventType "swiss"]
[EventCountry "ITA"]
[SourceTitle "playchess.com"]
[Source "ChessBase"]
[SourceQuality "1"]
[TimeControl "40/5400+30:1800+30"]

1. Nf3 {[%emt 0:00:00]} d5 {[%emt 0:00:00]} 2. g3 {[%emt 0:00:00]} c6 {[%emt 0:00:00]} 3. Bg2 {[%emt 0:00:00]} Bg4 {[%emt 0:00:01]} 4. h3 {[%emt 0:00:31]} Bxf3 {[%emt 0:00:59]} 5. Bxf3 {[%emt 0:00:07]} e5 {[%emt 0:05:35]} 6. d3 {[%emt 0:00:11]} Nf6 {[%emt 0:00:04]} 7. O-O {[%emt 0:00:59]} Be7 {[%emt 0:00:31]} 8. Nd2 {[%emt 0:01:40]} O-O {[%emt 0:00:07]} 9. e4 {[%emt 0:00:42]} dxe4 {[%emt 0:00:34]} 10. dxe4 {[%emt 0:00:46]} Nbd7 {[%emt 0:00:17]} 11. Qe2 {[%emt 0:02:09]} Qc7 {[%emt 0:00:26]} 12. a4 {[%emt 0:04:17]} Nc5 {[%emt 0:03:54]} 13. Nc4 {[%emt 0:02:41]} Rad8 {[%emt 0:02:55]} 14. b4 {[%emt 0:05:01]} Ne6 {[%emt 0:00:23]} 15. c3 {[%emt 0:00:06]} Rd7 {[%emt 0:05:02]} 16. Be3 {[%emt 0:04:28]} b6 {[%emt 0:00:18]} 17. Rfd1 {[%emt 0:01:07]} Rfd8 {[%emt 0:01:04]} 18. Rxd7 {[%emt 0:01:09]} Rxd7 {[%emt 0:00:19]} 19. h4 {[%emt 0:01:55]} b5 {[%emt 0:07:39]} 20. Na5 {[%emt 0:02:58]} a6 {[%emt 0:01:07]} 21. Kg2 {[%emt 0:05:56]} h6 {[%emt 0:01:58]} 22. Kh2 {[%emt 0:04:05]} Qd6 {[%emt 0:06:40]} 23. Ra2 {[%emt 0:04:34]} Bd8 {[%emt 0:02:52]} 24. axb5 {[%emt 0:04:49]} axb5 {[%emt 0:00:24]} 25. Kg2 {[%emt 0:06:31]} Kh8 {[%emt 0:03:35]} 26. Nb3 {[%emt 0:02:54]} Qd3 {[%emt 0:06:22]} 27. Qxd3 {[%emt 0:02:50]} Rxd3 {[%emt 0:00:07]} 28. Rc2 {[%emt 0:00:04]} Bc7 {[%emt 0:16:11]} 29. Nc1 {[%emt 0:04:48]} Rd8 {[%emt 0:00:07]} 30. Ra2 {[%emt 0:00:07]} Bd6 {[%emt 0:02:07]} 31. Nb3 {[%emt 0:02:57]} Rc8 {[%emt 0:01:56]} 32. Ra6 {[%emt 0:02:56]} Bf8 {[%emt 0:01:14]} 33. Na5 {[%emt 0:04:21]} c5 {[%emt 0:00:10]} 34. Nc6 {[%emt 0:00:23]} cxb4 {[%emt 0:00:25]} 35. cxb4 {[%emt 0:00:33]} Nd7 {[%emt 0:18:58]} 36. Bg4 {[%emt 0:03:27]} Kg8 {[%emt 0:06:42]} 37. Na7 {[%emt 0:06:12]} Re8 {[%emt 0:00:08]} 38. Nc6 {[%emt 0:06:46]} Nf6 {[%emt 0:03:43]} 39. Bf3 {[%emt 0:00:33]} Nd8 {[%emt 0:00:26]} 40. Nxd8 {[%emt 0:10:21]} Rxd8 {[%emt 0:00:09]} 41. Rb6 {[%emt 0:32:28]} Bxb4 {[%emt 0:31:01]} 42. Rxb5 {[%emt 0:00:01]} Bc3 {[%emt 0:00:00]} 43. g4 {[%emt 0:00:00]} Ne8 {[%emt 0:00:00]} 44. g5 {[%emt 0:00:00]} hxg5 {[%emt 0:00:00]} 45. hxg5 {[%emt 0:00:00]} Nd6 {[%emt 0:00:00]} 46. Rc5 {[%emt 0:00:00]} Rc8 {[%emt 0:00:00]} 47. Rxc8+ {[%emt 0:00:00]} Nxc8 {[%emt 0:00:00]} 48. Bc5 {[%emt 0:00:00]} Bd4 {[%emt 0:00:00]} 1/2-1/2